00301nam a2200121Ia 4500008004100000100001400041245003600055260004300091300000900134650001400143942000700157999001500164190216s9999||||xx |||||||||||||| ||und|| aPatel. Sb 0aNuclear Physics An Introduction bNew Age International Publishersc1991 a346p aChemistry cBK c2895d2895